000 00718nam a2200205Ii 4500
003 JO-AjNU
008 230605s9999||||xx |||||||||||||| ||und||
040 _aJO-AjNU
_bara
_erda
_cJO-AjNU
041 _aara
050 1 4 _aHC805.I9934.1983
100 3 _aموسى، عزالدين احمد,
_eauthor
_937001
245 0 0 _aالنشاط الاقتصادي في المغرب الاسلامي خلال القرن السادس الهجري
250 _aط1
264 3 1 _aبيروت:دار الشروق ،1983
300 _a439ص
336 _atext
_btxt
_2rdacontent
337 _aunmediated
_bn
_2rdamedia
338 _avolume
_bnc
_2rdacarrier
650 4 _aاحوال اقتصادية-المغرب العربي
_937002
999 _aA15422
_c18990
_d18990